ბათუმის შოთა რუსთაველის სახელმწიფო უნივერსიტეტის ბიბლიოთეკა

Foundations of low vision : (ბიბ.ჩანაწერი № 57914)

000 -LEADER
fixed length control field 01010cam a2200241 a 4500
001 - CONTROL NUMBER
control field 15951495
005 - DATE AND TIME OF LATEST TRANSACTION
control field 20221107154357.0
008 - FIXED-LENGTH DATA ELEMENTS--GENERAL INFORMATION
fixed length control field 091019s2010 nyua b 001 0 eng
020 ## - INTERNATIONAL STANDARD BOOK NUMBER
International Standard Book Number 9780891288831 (pbk. : alk. paper)
041 ## - LANGUAGE CODE
Language code of text/sound track or separate title eng
080 ## - UNIVERSAL DECIMAL CLASSIFICATION NUMBER
Universal Decimal Classification number 617.7 F-81
245 00 - TITLE STATEMENT
Title Foundations of low vision :
Remainder of title clinical and functional perspectives /
Statement of responsibility, etc. Anne L. Corn and Jane N. Erin, editors.
250 ## - EDITION STATEMENT
Edition statement 2nd ed.
264 ## - PRODUCTION, PUBLICATION, DISTRIBUTION, MANUFACTURE, AND COPYRIGHT NOTICE
Place of production, publication, distribution, manufacture New York :
Name of producer, publisher, distributor, manufacturer AFB Press,
Date of production, publication, distribution, manufacture, or copyright notice 2010.
300 ## - PHYSICAL DESCRIPTION
Extent 965 p. :
Other physical details ill. ;
Dimensions 26 cm.
653 ## - INDEX TERM--UNCONTROLLED
keyword დაბალი მხედველობა
653 ## - INDEX TERM--UNCONTROLLED
keyword მედიცინა
700 1# - ADDED ENTRY--PERSONAL NAME
Personal name Corn, Anne Lesley.
Relator term რედაქტორი
9 (RLIN) 10926
700 1# - ADDED ENTRY--PERSONAL NAME
Personal name Erin, Jane N.
Relator term რედაქტორი
9 (RLIN) 10927
856 ## - ELECTRONIC LOCATION AND ACCESS
Uniform Resource Identifier https://books.google.ge/books?id=ro2mWxFgY5AC&source=gbs_ViewAPI&redir_esc=y
Link text ელ.ვერსია
942 ## - ADDED ENTRY ELEMENTS (KOHA)
Source of classification or shelving scheme
Koha item type წიგნი
ეგზემპლარები
Withdrawn status Lost status Source of classification or shelving scheme Damaged status Not for loan Permanent Location Current Location Shelving location Date acquired Cost, normal purchase price Full call number Barcode Date last seen Copy number Price effective from Koha item type Public note
          ბათუმის შოთა რუსთაველის სახელმწიფო უნივერსიტეტის მთავარი ბიბლიოთეკა ბათუმის შოთა რუსთაველის სახელმწიფო უნივერსიტეტის მთავარი ბიბლიოთეკა წიგნსაცავი 2021-03-31 376.00 617.7 F-81 61293 2021-03-31 61293 2021-03-31 წიგნი 376 ლ.